=LDR 00000nam 2200000 4500 =001 INLIS000000000038401 =005 20130612144054 =008 ***********************************6aInd** =035 ##$$0010-061300000038401 =041 ##$$a 6aInd =082 ##$$a 634.65 =090 ##$$a 634.65, Win s =100 ##$$a Wiryanata, Belnand T. Wahyu =245 ##$$a Sukses bertanam durian, Belnond T. Wahyu Wiryanata =260 ##$$a 2010 $b Jakarta =300 ##$$a vi,107 hlm, Ilus, 22 cm =650 ##$$a Durian =850 ##$$a NBPNMAT =990 ##$$a 0001/BPAP-NTB/2016 =990 ##$$a 0001/BPAP-NTB/2016 =990 ##$$a 1313013130 =990 ##$$a 01201713130 =990 ##$$a 0001/BPAP-NTB/2016 =990 ##$$a 0001/BPAP-NTB/2016